000 00749nam0a2200265 4500
001 RU\NLR\ONL1\18335
005 20251118181805.8
035 _a(NLR Aleph) 009647073
090 _a9566300
_c9566300
100 _a20110808d1954 u y0rusy50 ca
101 1 _akom
_brus
_cchi
102 _aRU
105 _ay |||||||||
200 1 _aРассказъяс
_e[пер. с рус.]
_fГо Мо-жо
210 _aСыктывкар
_cКоми кн. изд-во
_d1954
215 _a56 с.
_d20
541 1 _aРассказы
_zrus
686 1 _aШ6(2=Ко)-92(5Кит)-4
700 0 _aГо Можо
_4070
801 0 _aRU
_bNLR
_c20110808
_gPSBO
852 _aNLR
_bОНЛ
_jКоми-з./2-409
899 _aНБ РК
942 _cBOOK
980 _aNB